000
00316nam a2200109 a 4500
001
4144
005
20140414131849.0
008
090317s19uu xx 00 eng d
050
_a
M 515.53
_b
H22 2001
245
_a
Harmonica :
_b
learn to play the harmonica using this easy to follow step by step guide.
999
_c
110090
_d
110090